| 000 | 00432cam a2200145ua 4500 | ||
|---|---|---|---|
| 003 | OSt | ||
| 005 | 20260213113803.0 | ||
| 008 | 260213b |||||||| |||| 00| 0 eng d | ||
| 041 | _aeng | ||
| 082 |
_a028.74571 _bBIO/SY |
||
| 245 | _aSymposia of the society experimental biology no.5 carbon dioxide fixation and photosynthesis | ||
| 260 |
_aLondon : _bCambridge at the University Press , _c1951. |
||
| 300 | _a342 ; . | ||
| 942 | _cBK | ||
| 999 |
_c10226 _d10226 |
||